000 00599nam a2200241 a 4500
001 nice12345678
003 IN_TiNIC
005 20260116011800.0
008 050524s1959 lona grp 000 0 eng
020 _a
_c100
082 0 0 _a231.7
_bLAW
100 _aLawton, John Stewart
245 _aMiracles and Revelation
260 _aLondon
_bLutterworth Press
_c1959
300 _a284p
500 _aincludes index and biblioraphy
505 2 _aBibliography, Index
650 _aRevelation-Christian
700 1 _aLawton, John Stewart
902 _bSRS
942 _cBK
999 _c3927
_d3927